| 000 -LEADER |
| fixed length control field |
01072nam a22001577a 4500 |
| 003 - CONTROL NUMBER IDENTIFIER |
| control field |
OSt |
| 005 - DATE AND TIME OF LATEST TRANSACTION |
| control field |
20150927085652.0 |
| 008 - FIXED-LENGTH DATA ELEMENTS--GENERAL INFORMATION |
| fixed length control field |
150927b xxu||||| |||| 00| 0 eng d |
| 040 ## - CATALOGING SOURCE |
| Transcribing agency |
RUA |
| 082 ## - DEWEY DECIMAL CLASSIFICATION NUMBER |
| Classification number |
AGR SIE 2013 B057 Or.1 |
| 100 ## - MAIN ENTRY--PERSONAL NAME |
| 9 (RLIN) |
1399 |
| Personal name |
SIENG, SOTHEA. |
| 245 ## - TITLE STATEMENT |
| Title |
Effect of different herbicide on growth and yield of IR 66 rice sown by drum seeder under prey khmer soil condition in early wet season at osaray commune tramkok district takeo province, ប្រសិទ្ឌភាពថ្នាំកំចាត់ស្មៅផ្សេងៗគ្នាលើការលូតលាស់ និងទិន្នផលស្រូវអ៊ីអ៊ែរ៦៦សាបដោយឧបករណ៍ទម្លាក់គរាប់(DRUM-SEEDER) ក្នុងលក្ខខណ្ឌដីព្រៃខ្មែរដើមរដូវវស្សានៅខុំអូរសារាយ ស្រុកតហរាំកក់ ខេត្តតាកែវ |
| 260 ## - PUBLICATION, DISTRIBUTION, ETC. (IMPRINT) |
| Place of publication, distribution, etc. |
Phnom Penh |
| Name of publisher, distributor, etc. |
RUA |
| Date of publication, distribution, etc. |
2013 |
| 300 ## - PHYSICAL DESCRIPTION |
| Extent |
x; 35p. |
| Other physical details |
ill. |
| Dimensions |
29cm. |
| 942 ## - ADDED ENTRY ELEMENTS (KOHA) |
| Source of classification or shelving scheme |
|
| Koha item type |
AGR |